000 00848nam a2200205Ia 4500
003 GCL
008 140319s9999 xx 000 0 ara d
040 _aGCL /
_cGCL
082 0 4 _a250
_bا م
100 1 _aابن قيم الجوزية: شمس الدين ابو عبدالله محمد بن ابى بكر
245 1 0 _aمفتاح دار اسعادة ومنشور ولاية العلم والارادة /
_cابن قيم الجوزية: شمس الدين ابو عبدالله محمد بن ابى بكر
700 1 _aعصام فارس الحرستانى (محقق)
700 1 _aحسان عبدالنان الطيبى
260 _a[S.N] :
_bدار الجيل ،
_c1994
490 _a
650 0 4 _aالاسلام والعلم
650 0 4 _aالشريعة الاسلامية
650 0 4 _aالفقه الاسلامى
942 _2ddc
_cBK
999 _c55489
_d55489